Oxford economic atlas of the world / (Record no. 30059)
[ view plain ]
| 000 -LEADER | |
|---|---|
| fixed length control field | 01244cem a2200325 i 4500 |
| 001 - CONTROL NUMBER | |
| control field | 18371296 |
| 003 - CONTROL NUMBER IDENTIFIER | |
| control field | EG-ScBUE |
| 005 - DATE AND TIME OF LATEST TRANSACTION | |
| control field | 20221129114600.0 |
| 008 - FIXED-LENGTH DATA ELEMENTS--GENERAL INFORMATION | |
| fixed length control field | 141113r19621959enk e 0 eng d |
| 040 ## - CATALOGING SOURCE | |
| Original cataloging agency | DLC |
| Language of cataloging | eng |
| Description conventions | rda |
| Transcribing agency | DLC |
| Modifying agency | EG-ScBUE |
| 082 04 - DEWEY DECIMAL CLASSIFICATION NUMBER | |
| Edition number | 22 |
| Classification number | 912.133 |
| Item number | ECO |
| 110 2# - MAIN ENTRY--CORPORATE NAME | |
| Corporate name or jurisdiction name as entry element | Economist Intelligence Unit (Great Britain), |
| Relator term | author. |
| 245 10 - TITLE STATEMENT | |
| Title | Oxford economic atlas of the world / |
| Statement of responsibility, etc | prepared by the Economist Intelligence Unit and the Cartographic Department of the Clarendon Press. |
| 246 30 - VARYING FORM OF TITLE | |
| Title proper/short title | Economic atlas of the world |
| 250 ## - EDITION STATEMENT | |
| Edition statement | Second edition. |
| 250 ## - EDITION STATEMENT | |
| Edition statement | Reprinted edition. |
| 264 #1 - PUBLICATION, DISTRIBUTION, ETC. (IMPRINT) | |
| Place of publication, distribution, etc | Oxford : |
| Name of publisher, distributor, etc | Oxford University Press, |
| Date of publication, distribution, etc | 1962. |
| 300 ## - PHYSICAL DESCRIPTION | |
| Extent | 1 atlas (viii, 128, 152 pages) : |
| Other physical details | color illustrations, color maps ; |
| Dimensions | 27 cm |
| 336 ## - CONTENT TYPE | |
| Content type term | cartographic image |
| Content type code | cri |
| Source | rdacontent |
| 337 ## - MEDIA TYPE | |
| Media type term | unmediated |
| Media type code | n |
| Source | rdamedia |
| 338 ## - CARRIER TYPE | |
| Carrier type term | volume |
| Carrier type code | nc |
| Source | rdacarrier |
| 650 #0 - SUBJECT ADDED ENTRY--TOPICAL TERM | |
| Topical term or geographic name as entry element | Economic geography |
| Form subdivision | Maps. |
| Source of heading or term | BUEsh |
| 653 ## - INDEX TERM--UNCONTROLLED | |
| Resource For college | BAEPS, Economics |
| Arrived date list | November2022 |
| 655 #7 - INDEX TERM--GENRE/FORM | |
| Genre/form data or focus term | World atlases. |
| Source of term | lcgft |
| Form subdivision | Reading book |
| 710 2# - ADDED ENTRY--CORPORATE NAME | |
| Corporate name or jurisdiction name as entry element | Oxford University Press. |
| Subordinate unit | Cartographic Department, |
| Relator term | author. |
| 906 ## - LOCAL DATA ELEMENT F, LDF (RLIN) | |
| a | 7 |
| b | cbc |
| c | origcop |
| d | u |
| e | ncip |
| f | 20 |
| g | y-geogmaps |
| 942 ## - ADDED ENTRY ELEMENTS (KOHA) | |
| Source of classification or shelving scheme | Dewey Decimal Classification |
| Koha item type | Book - Borrowing |
| Withdrawn status | Lost status | Source of classification or shelving scheme | Damaged status | Not for loan | Collection code | Home library | Current library | Shelving location | Date acquired | Source of acquisition | Total Checkouts | Full call number | Barcode | Date last seen | Price effective from | Koha item type |
|---|---|---|---|---|---|---|---|---|---|---|---|---|---|---|---|---|
| Dewey Decimal Classification | Donation-Gift | Central Library | Central Library | Second Floor | 29/11/2022 | Donation | 912.133 ECO | 000056587 | 15/07/2025 | 29/11/2022 | Reference (NB) |